00757nam a2200277Ia 450000500170000000800460001702000180006303700100008104000080009104000080009904000080010704100080011504100080012308400080013110000280013924500410016724500510020826000230025926000090028236500050029136500080029685600530030494200100035799900210036795200910038820260324121516.0008 260324s9999 xx 000 0 eng d a9781315815442 aEBOOK aCRL beng cCRL 2eng aeng qCRL aJoseph Bristow91060131 0aSexual Sameness (Routledge Revivals) 0bTextual Differences in Lesbian and Gay Writing bTaylor and Francis c2014 a b265 uhttp://www.taylorfrancis.com/books/9781315815442 cEBOOK c1754937d1754937 00104070aCRLbCRLd2026-03-24l0pCL2037141r2026-03-24 12:15:16w2026-03-24yEBOOK